A Guide to Fortran W Programming (Record no. 299488)
[ view plain ]
| 000 -LEADER | |
|---|---|
| fixed length control field | 00269 a2200121 4500 |
| 001 - CONTROL NUMBER | |
| control field | 64415 |
| 082 ## - DEWEY DECIMAL CLASSIFICATION NUMBER | |
| Classification number | 001.6424 MCC |
| 090 ## - LOCALLY ASSIGNED LC-TYPE CALL NUMBER (OCLC); LOCAL CALL NUMBER (RLIN) | |
| -- | 38044 |
| -- | 38044 |
| 100 ## - MAIN ENTRY--PERSONAL NAME | |
| Personal name | McCracken, D.D |
| 245 ## - TITLE STATEMENT | |
| Title | A Guide to Fortran W Programming |
| 260 ## - PUBLICATION, DISTRIBUTION, ETC. | |
| Date of publication, distribution, etc. | John Wiley |
| 300 ## - PHYSICAL DESCRIPTION | |
| Extent | 288p |
| 942 ## - ADDED ENTRY ELEMENTS (KOHA) | |
| Institution code [OBSOLETE] | CAE NUST |
| Call number prefix | 001.6424 MCC |
| Withdrawn status | Lost status | Damaged status | Not for loan | Collection code | Permanent Location | Current Location | Date acquired | Total Checkouts | Full call number | Barcode | Date last seen | Price effective from | Koha item type |
|---|---|---|---|---|---|---|---|---|---|---|---|---|---|
| College of Aeronautical Engineering (CAE) | College of Aeronautical Engineering (CAE) | 04/03/2017 | 001.6424 MCC | CAEG-5230 | 04/05/2017 | 04/05/2017 | Book |
